[Event "VI ABIERTO INTERNACIONAL DE AJEDREZ CARLOS I"]
[Site "Sanxenxo (Pontevedra) Spain"]
[Date "2014.06.21"]
[Round "1"]
[Board "1"]
[White "Strikovic, Aleksa"]
[Black "Garcia Bugallo, Jose Luis"]
[Result "1-0"]
[WhiteElo "2532"]
[BlackElo "1820"]
[PlyCount "61"]
[EventDate "2014.06.21"]
[EventRounds "9"]
[EventCountry "ESP"]

1. c4 e5 2. Nc3 Nf6 3. Nf3 Nc6 4. d4 exd4 5. Nxd4 Bc5 6. Nb3 Be7 7. g3 d6 8.
Bg2 Be6 9. Nd5 O-O 10. O-O h6 11. Qc2 Re8 12. Bd2 Qc8 13. Bc3 Ne5 14. Nd4 Bh3
15. b3 Bxg2 16. Kxg2 Nxd5 17. cxd5 c5 18. dxc6 bxc6 19. Rac1 c5 20. Nf5 Bf8 21.
e4 g6 22. Ne3 Bg7 23. Rfd1 Qe6 24. f3 Nc6 25. Bxg7 Kxg7 26. Qc3+ Kg8 27. Nd5
Nd4 28. Nc7 Ne2 29. Qe3 Qc8 30. Nxe8 Nxc1 31. Nxd6 1-0

[Event "VI ABIERTO INTERNACIONAL DE AJEDREZ CARLOS I"]
[Site "Sanxenxo (Pontevedra) Spain"]
[Date "2014.06.21"]
[Round "1"]
[Board "2"]
[White "Yebra-Pimentel Brea, Carlos"]
[Black "Larino Nieto, David"]
[Result "0-1"]
[WhiteElo "1795"]
[BlackElo "2459"]
[PlyCount "36"]
[EventDate "2014.06.21"]
[EventRounds "9"]
[EventCountry "ESP"]

1. e4 d5 2. exd5 Qxd5 3. Nf3 Nf6 4. Nc3 Qa5 5. d4 Nc6 6. Bc4 Bg4 7. O-O O-O-O
8. d5 e6 9. Bg5 exd5 10. Bxd5 Bb4 11. Qc1 Nxd5 12. Bxd8 Nxc3 13. bxc3 Bxc3 14.
Bxc7 Qxc7 15. Rb1 Bxf3 16. gxf3 Re8 17. Kh1 Nd4 18. Qg5 Qxh2+ 0-1

[Event "VI ABIERTO INTERNACIONAL DE AJEDREZ CARLOS I"]
[Site "Sanxenxo (Pontevedra) Spain"]
[Date "2014.06.21"]
[Round "1"]
[Board "3"]
[White "Hoffman, Alejandro"]
[Black "Garcia Martin, Juan Manuel"]
[Result "1-0"]
[WhiteElo "2450"]
[BlackElo "1787"]
[PlyCount "57"]
[EventDate "2014.06.21"]
[EventRounds "9"]
[EventCountry "ESP"]

1. d4 Nf6 2. c4 e5 3. dxe5 Ng4 4. e3 Nxe5 5. Nh3 Bb4+ 6. Bd2 Bxd2+ 7. Qxd2 d6
8. Nf4 Nbd7 9. Be2 Nf6 10. Nc3 Ng6 11. Nfd5 a6 12. O-O b6 13. Nxf6+ Qxf6 14.
Bf3 Rb8 15. Bc6+ Bd7 16. Bxd7+ Kxd7 17. f4 Kc8 18. b4 Re8 19. a4 Ne7 20. a5
bxa5 21. Rxa5 Rxb4 22. Ne4 Qb2 23. Nxd6+ cxd6 24. Qxd6 Rb6 25. Rc5+ Rc6 26.
Rxc6+ Nxc6 27. Qxc6+ Kd8 28. Rd1+ Ke7 29. Qd6# 1-0

[Event "VI ABIERTO INTERNACIONAL DE AJEDREZ CARLOS I"]
[Site "Sanxenxo (Pontevedra) Spain"]
[Date "2014.06.21"]
[Round "1"]
[Board "4"]
[White "Rodriguez Dominguez, Miguel I"]
[Black "Gomez Ledo, Roberto Carlos"]
[Result "1/2-1/2"]
[WhiteElo "1785"]
[BlackElo "2429"]
[PlyCount "79"]
[EventDate "2014.06.21"]
[EventRounds "9"]
[EventCountry "ESP"]

1. d4 f5 2. c4 Nf6 3. Nc3 g6 4. g3 Bg7 5. Bg2 O-O 6. Nh3 d6 7. d5 c6 8. Nf4 Re8
9. O-O e5 10. dxe6 Bxe6 11. c5 d5 12. Qb3 Qd7 13. Nxe6 Rxe6 14. Bg5 Na6 15.
Bxf6 Rxf6 16. Na4 Kh8 17. e3 g5 18. Rfd1 Raf8 19. Rd2 Qe7 20. Qc2 Nc7 21. Rad1
Ne6 22. b4 g4 23. Nc3 Rh6 24. Ne2 a6 25. a3 Be5 26. Nf4 Ng5 27. Qd3 Qf7 28. a4
Ne4 29. Bxe4 fxe4 30. Qf1 Bxf4 31. gxf4 Rh3 32. Qg2 Qh5 33. b5 Rf6 34. bxa6
bxa6 35. Rb1 Rh6 36. Rb8+ Kg7 37. Rdb2 Rf6 38. R2b7+ Rf7 39. Rxf7+ Kxf7 40.
Rb7+ 1/2-1/2

[Event "VI ABIERTO INTERNACIONAL DE AJEDREZ CARLOS I"]
[Site "Sanxenxo (Pontevedra) Spain"]
[Date "2014.06.21"]
[Round "1"]
[Board "5"]
[White "Espineira Gonzalez, Diego"]
[Black "Garcia Sobrino, David"]
[Result "1-0"]
[WhiteElo "2388"]
[BlackElo "1783"]
[PlyCount "57"]
[EventDate "2014.06.21"]
[EventRounds "9"]
[EventCountry "ESP"]

1. e4 e6 2. d4 d5 3. Nd2 Nf6 4. e5 Nfd7 5. c3 c5 6. f4 Nc6 7. Ndf3 Rb8 8. Bd3
b5 9. f5 Be7 10. fxe6 fxe6 11. Ne2 Qb6 12. Nf4 Nd8 13. Be3 b4 14. Qc2 Nf8 15.
c4 g5 16. Nh5 g4 17. dxc5 Qc7 18. O-O gxf3 19. Rxf3 Qxe5 20. Bf4 Qd4+ 21. Kh1
e5 22. Ng7+ Kd7 23. Be3 Qh4 24. cxd5 Nc6 25. dxc6+ Kc7 26. Ne8+ Kxc6 27. Qa4+
Kb7 28. Ba6+ Ka8 29. Nc7# 1-0

[Event "VI ABIERTO INTERNACIONAL DE AJEDREZ CARLOS I"]
[Site "Sanxenxo (Pontevedra) Spain"]
[Date "2014.06.21"]
[Round "1"]
[Board "6"]
[White "Lloveras Hernanz, Jose Antonio"]
[Black "Guerra Bastida, Diego"]
[Result "0-1"]
[WhiteElo "1780"]
[BlackElo "2378"]
[PlyCount "58"]
[EventDate "2014.06.21"]
[EventRounds "9"]
[EventCountry "ESP"]

1. d4 Nf6 2. c4 c5 3. d5 d6 4. Nc3 g6 5. e4 Bg7 6. Nf3 O-O 7. Be2 e6 8. O-O
exd5 9. cxd5 Bg4 10. h3 Bxf3 11. Bxf3 Nbd7 12. Bf4 Qe7 13. Qd2 a6 14. a4 Ne5
15. Be2 Rfe8 16. Bg5 Ned7 17. f3 Qf8 18. Kh1 Nh5 19. Rf2 f5 20. g4 Ng3+ 21. Kg2
Be5 22. gxf5 gxf5 23. Bh4 Qg7 24. Bxg3 Qxg3+ 25. Kf1 Bf4 26. Qd1 Kh8 27. Bc4
Ne5 28. Ne2 Qxh3+ 29. Rg2 Be3 0-1

[Event "VI ABIERTO INTERNACIONAL DE AJEDREZ CARLOS I"]
[Site "Sanxenxo (Pontevedra) Spain"]
[Date "2014.06.21"]
[Round "1"]
[Board "7"]
[White "Garcia Castro, Pablo"]
[Black "Bello Filgueira, Joaquin Anton"]
[Result "1-0"]
[WhiteElo "2357"]
[BlackElo "1774"]
[PlyCount "51"]
[EventDate "2014.06.21"]
[EventRounds "9"]
[EventCountry "ESP"]

1. g3 e5 2. Bg2 Nf6 3. d3 Nc6 4. a3 a6 5. b4 d5 6. Bb2 Bd6 7. c4 d4 8. Nd2 Be6
9. Ngf3 h6 10. Rc1 O-O 11. O-O Qd7 12. c5 Be7 13. Nc4 Bxc4 14. Rxc4 Nd5 15.
Nxe5 Nxe5 16. Rxd4 c6 17. e4 Bf6 18. exd5 Ng6 19. dxc6 Qxd4 20. Bxd4 Bxd4 21.
cxb7 Rad8 22. Qa4 Ne5 23. Qxa6 Nxd3 24. c6 Nxf2 25. c7 Nh3+ 26. Kh1 1-0

[Event "VI ABIERTO INTERNACIONAL DE AJEDREZ CARLOS I"]
[Site "Sanxenxo (Pontevedra) Spain"]
[Date "2014.06.21"]
[Round "1"]
[Board "8"]
[White "Bayon Rolo, Juan Andres"]
[Black "Sanchez Aller, Fernando"]
[Result "0-1"]
[WhiteElo "1770"]
[BlackElo "2355"]
[PlyCount "54"]
[EventDate "2014.06.21"]
[EventRounds "9"]
[EventCountry "ESP"]

1. e4 e5 2. Nf3 Nc6 3. d4 exd4 4. Bc4 Nf6 5. e5 d5 6. Bb5 Ne4 7. Nxd4 Bc5 8.
O-O O-O 9. Bxc6 bxc6 10. Nxc6 Qd7 11. Nd4 Ba6 12. Re1 Rae8 13. f3 Nd6 14. b4
Bb6 15. c3 Nc4 16. f4 f6 17. exf6 Rxf6 18. Kh1 Rxe1+ 19. Qxe1 Bxd4 20. cxd4 Re6
21. Qd1 Qe8 22. Bd2 Re2 23. Qf1 Bc8 24. Bc3 Bf5 25. a4 Qe3 26. Qg1 Qe4 27. Na3
Bh3 0-1

[Event "VI ABIERTO INTERNACIONAL DE AJEDREZ CARLOS I"]
[Site "Sanxenxo (Pontevedra) Spain"]
[Date "2014.06.21"]
[Round "1"]
[Board "9"]
[White "Aguera Naredo, Javier"]
[Black "Pelaez Murias, Eduardo"]
[Result "1-0"]
[WhiteElo "2355"]
[BlackElo "1769"]
[PlyCount "49"]
[EventDate "2014.06.21"]
[EventRounds "9"]
[EventCountry "ESP"]

1. e4 e5 2. Nf3 Nc6 3. Bb5 a6 4. Ba4 Nf6 5. O-O Nxe4 6. d4 b5 7. Bb3 d5 8. dxe5
Be6 9. c3 Bc5 10. Qe2 O-O 11. Be3 Bg4 12. Rd1 Ne7 13. Nbd2 Bxe3 14. Qxe3 Nxd2
15. Rxd2 Bxf3 16. Qxf3 c6 17. Bc2 Qd7 18. Re1 Qe6 19. Re3 Rad8 20. Qh5 g6 21.
Qg5 Kg7 22. Rh3 Rh8 23. Rf3 h6 24. Qf6+ Kg8 25. Qxe6 1-0

[Event "VI ABIERTO INTERNACIONAL DE AJEDREZ CARLOS I"]
[Site "Sanxenxo (Pontevedra) Spain"]
[Date "2014.06.21"]
[Round "1"]
[Board "10"]
[White "Suarez Gomez, Julio"]
[Black "Maquieira Vidal, Alvaro"]
[Result "1-0"]
[WhiteElo "2307"]
[BlackElo "1759"]
[PlyCount "59"]
[EventDate "2014.06.21"]
[EventRounds "9"]
[EventCountry "ESP"]

1. e4 c5 2. Nc3 d6 3. Nf3 Nf6 4. d4 cxd4 5. Nxd4 g6 6. g3 Bg7 7. Bg2 O-O 8. O-O
Nc6 9. Nde2 Bd7 10. h3 Rb8 11. a4 Qc8 12. Kh2 a6 13. Nd5 Nxd5 14. exd5 Na5 15.
Ra2 b5 16. axb5 Rxb5 17. b3 Qb7 18. Bd2 Qb6 19. c4 Rc5 20. b4 Rxc4 21. bxa5 Qc7
22. Be3 Bb5 23. Qd2 Rc8 24. Rc1 Rxc1 25. Qxc1 Bxe2 26. Qxc7 Rxc7 27. Rxe2 Rc4
28. Re1 f5 29. Bb6 Bd4 30. Rxe7 1-0

[Event "VI ABIERTO INTERNACIONAL DE AJEDREZ CARLOS I"]
[Site "Sanxenxo (Pontevedra) Spain"]
[Date "2014.06.22"]
[Round "2"]
[Board "1"]
[White "Gude Fernandez, Antonio"]
[Black "Strikovic, Aleksa"]
[Result "0-1"]
[WhiteElo "2054"]
[BlackElo "2532"]
[PlyCount "62"]
[EventDate "2014.06.21"]
[EventRounds "9"]
[EventCountry "ESP"]

1. e4 d6 2. d4 Nf6 3. Nc3 e5 4. Nf3 Nbd7 5. Bc4 exd4 6. Nxd4 Nb6 7. Be2 Be7 8.
O-O O-O 9. a4 a5 10. f4 c6 11. Bf3 Re8 12. b3 Bf8 13. Bb2 d5 14. e5 Nfd7 15.
Kh1 Nc5 16. Qe1 g6 17. Qg3 Be7 18. Bg4 Bxg4 19. Qxg4 Bf8 20. Rae1 Bg7 21. f5
Nbd7 22. e6 Nf6 23. exf7+ Kxf7 24. fxg6+ hxg6 25. Rxe8 Qxe8 26. Qg5 Kg8 27. h3
Nfe4 28. Nxe4 Nxe4 29. Qh4 c5 30. Nb5 Bxb2 31. Nc7 Qe5 0-1

[Event "VI ABIERTO INTERNACIONAL DE AJEDREZ CARLOS I"]
[Site "Sanxenxo (Pontevedra) Spain"]
[Date "2014.06.22"]
[Round "2"]
[Board "2"]
[White "Larino Nieto, David"]
[Black "Estevez Rodriguez, Luis Albert"]
[Result "1-0"]
[WhiteElo "2459"]
[BlackElo "2055"]
[PlyCount "63"]
[EventDate "2014.06.21"]
[EventRounds "9"]
[EventCountry "ESP"]

1. Nf3 c5 2. b3 Nc6 3. Bb2 d6 4. e3 e5 5. d4 cxd4 6. exd4 e4 7. Nfd2 d5 8. c4
Nf6 9. cxd5 Nb4 10. Nc3 Nbxd5 11. Bb5+ Bd7 12. Bxd7+ Qxd7 13. O-O Nxc3 14. Bxc3
Rc8 15. Bb2 Be7 16. Re1 Qd5 17. f3 exf3 18. Nxf3 Ne4 19. Nd2 Nxd2 20. Qxd2 Kf8
21. Re5 Qd7 22. Rf1 h5 23. Qa5 b6 24. Rxh5 Rg8 25. Qd2 Rc6 26. d5 Rg6 27. Qc2
Qg4 28. Rhf5 Bc5+ 29. Kh1 Rh8 30. Rxf7+ Kg8 31. Be5 Rgh6 32. Qf5 1-0

[Event "VI ABIERTO INTERNACIONAL DE AJEDREZ CARLOS I"]
[Site "Sanxenxo (Pontevedra) Spain"]
[Date "2014.06.22"]
[Round "2"]
[Board "3"]
[White "Portela Peleteiro, Alberto"]
[Black "Hoffman, Alejandro"]
[Result "0-1"]
[WhiteElo "2050"]
[BlackElo "2450"]
[PlyCount "84"]
[EventDate "2014.06.21"]
[EventRounds "9"]
[EventCountry "ESP"]

1. e4 e5 2. Nf3 d6 3. d4 exd4 4. Nxd4 Nf6 5. Nc3 Be7 6. Be2 O-O 7. O-O Re8 8.
f4 Bf8 9. Bf3 c6 10. Be3 Nbd7 11. Nb3 Nb6 12. Qe2 d5 13. e5 Nfd7 14. Qf2 Nc4
15. Bd4 b6 16. Ne2 Bb7 17. Rfd1 f6 18. exf6 Nxf6 19. Nd2 Nd6 20. Kh1 Nf5 21. g4
Nxd4 22. Nxd4 c5 23. Nf5 Qc7 24. Qg3 d4 25. Re1 g6 26. g5 Nh5 27. Qg4 Nxf4 28.
Nh6+ Bxh6 29. gxh6 Rf8 30. Ne4 Nh5 31. Bg2 Rae8 32. Ng5 Nf4 33. Bxb7 Qxb7+ 34.
Qf3 Qxf3+ 35. Nxf3 Nd5 36. Rxe8 Rxe8 37. Rf1 Ne3 38. Rf2 Ng4 39. Rd2 Nxh6 40.
Kg2 Nf5 41. Kf2 Ne3 42. b3 Nd5 0-1

[Event "VI ABIERTO INTERNACIONAL DE AJEDREZ CARLOS I"]
[Site "Sanxenxo (Pontevedra) Spain"]
[Date "2014.06.22"]
[Round "2"]
[Board "4"]
[White "Fernandez Diez, Antonio M."]
[Black "Espineira Gonzalez, Diego"]
[Result "0-1"]
[WhiteElo "2021"]
[BlackElo "2388"]
[PlyCount "72"]
[EventDate "2014.06.21"]
[EventRounds "9"]
[EventCountry "ESP"]

1. Nf3 e6 2. c4 Nf6 3. g3 d5 4. Bg2 Nbd7 5. O-O c6 6. Qc2 e5 7. d4 e4 8. Ng5
Nb6 9. cxd5 cxd5 10. Nc3 Bd7 11. f3 h6 12. Nxf7 Kxf7 13. fxe4 dxe4 14. Bxe4 Be6
15. Bf4 Qxd4+ 16. e3 Qc5 17. Rad1 Be7 18. Bg6+ Kg8 19. Rd4 Rc8 20. Rfd1 Nbd7
21. Qg2 Nf8 22. Bb1 g5 23. Bd6 Bxd6 24. Rxd6 Qxe3+ 25. Kh1 Rc7 26. Qf1 Rf7 27.
Re1 Ng4 28. Qxf7+ Kxf7 29. Rxe3 Nxe3 30. Nb5 a6 31. Nc7 Ke7 32. Rd3 Nc4 33. b3
Ne5 34. Re3 Nfd7 35. Nxe6 Kxe6 36. Be4 Nc5 0-1

[Event "VI ABIERTO INTERNACIONAL DE AJEDREZ CARLOS I"]
[Site "Sanxenxo (Pontevedra) Spain"]
[Date "2014.06.22"]
[Round "2"]
[Board "5"]
[White "Guerra Bastida, Diego"]
[Black "Gonzalez Gonzalez, Alfonso"]
[Result "1-0"]
[WhiteElo "2378"]
[BlackElo "2054"]
[PlyCount "77"]
[EventDate "2014.06.21"]
[EventRounds "9"]
[EventCountry "ESP"]

1. e4 e5 2. Nf3 Nc6 3. Bb5 a6 4. Ba4 d6 5. O-O Bd7 6. d4 Nge7 7. Bb3 h6 8. dxe5
dxe5 9. Nh4 Nd4 10. Qh5 Nxb3 11. axb3 Nc6 12. Ng6 fxg6 13. Qxg6+ Ke7 14. Nc3
Qe8 15. Nd5+ Kd8 16. Qg3 Nd4 17. Qd3 Bc5 18. b4 Ba7 19. c3 Bb5 20. c4 Bd7 21.
Be3 g5 22. b5 Qg6 23. Rfd1 Re8 24. b4 Re6 25. Kh1 Rd6 26. b6 Rxb6 27. Nxb6 Qxb6
28. Rab1 Qf6 29. c5 Ke7 30. Bxd4 exd4 31. e5 Qh8 32. Qxd4 Rd8 33. Qe3 Be6 34.
Qe4 c6 35. Rd6 Bc8 36. Re1 Qg8 37. Rxd8 Qxd8 38. f3 Bb8 39. Kg1 {ilegible} 1-0

[Event "VI ABIERTO INTERNACIONAL DE AJEDREZ CARLOS I"]
[Site "Sanxenxo (Pontevedra) Spain"]
[Date "2014.06.22"]
[Round "2"]
[Board "6"]
[White "Delgado Rodriguez, Fco. Javie"]
[Black "Garcia Castro, Pablo"]
[Result "0-1"]
[WhiteElo "2007"]
[BlackElo "2357"]
[PlyCount "70"]
[EventDate "2014.06.21"]
[EventRounds "9"]
[EventCountry "ESP"]

1. d4 d6 2. Nf3 Bg4 3. e4 g6 4. Be3 Bg7 5. c4 c5 6. Qd2 Bxf3 7. gxf3 Qb6 8. e5
Nc6 9. dxc5 dxc5 10. f4 Rd8 11. Qc1 Nd4 12. Bg2 Nh6 13. Nc3 e6 14. Bxd4 Rxd4
15. Nb5 Rd7 16. O-O O-O 17. Rd1 Rfd8 18. Rd6 Rxd6 19. exd6 a6 20. Nc3 Rxd6 21.
Rb1 Nf5 22. Ne4 Rd8 23. Qe1 Qc7 24. b4 cxb4 25. Qxb4 Qxf4 26. Qxb7 Be5 27. Re1
Qxh2+ 28. Kf1 Nh4 29. Nc5 Rd2 30. Nd7 Rxd7 31. Qxd7 Qxg2+ 32. Ke2 Qg4+ 33. Kd3
Qf3+ 34. Kc2 Qxf2+ 35. Qd2 Qxd2+ 0-1

[Event "VI ABIERTO INTERNACIONAL DE AJEDREZ CARLOS I"]
[Site "Sanxenxo (Pontevedra) Spain"]
[Date "2014.06.22"]
[Round "2"]
[Board "7"]
[White "Sanchez Aller, Fernando"]
[Black "Grinblat, Artemiy"]
[Result "1-0"]
[WhiteElo "2355"]
[BlackElo "2036"]
[PlyCount "55"]
[EventDate "2014.06.21"]
[EventRounds "9"]
[EventCountry "ESP"]

1. e4 e6 2. d4 d5 3. Nc3 Nf6 4. Bg5 Bb4 5. e5 h6 6. Bd2 Bxc3 7. bxc3 Ne4 8. Qg4
Kf8 9. h4 c5 10. Bd3 Nxd2 11. Kxd2 c4 12. Be2 Nc6 13. Rh3 b5 14. Rf3 Ne7 15.
Qf4 Nf5 16. g4 g5 17. Qh2 Nxh4 18. Rf6 Bd7 19. f4 Ke7 20. Nf3 Nxf3+ 21. Bxf3
Qg8 22. f5 exf5 23. Bxd5 Rf8 24. Rh1 Be6 25. Bxe6 fxe6 26. gxf5 Rxf6 27. exf6+
Kxf6 28. Qe5+ 1-0

[Event "VI ABIERTO INTERNACIONAL DE AJEDREZ CARLOS I"]
[Site "Sanxenxo (Pontevedra) Spain"]
[Date "2014.06.22"]
[Round "2"]
[Board "8"]
[White "Perez Marchal, Javier"]
[Black "Aguera Naredo, Javier"]
[Result "1/2-1/2"]
[WhiteElo "1989"]
[BlackElo "2355"]
[PlyCount "51"]
[EventDate "2014.06.21"]
[EventRounds "9"]
[EventCountry "ESP"]

1. e4 e5 2. d4 exd4 3. Qxd4 Nc6 4. Qe3 g6 5. Nc3 Bg7 6. Bd2 Nge7 7. O-O-O O-O
8. h4 d5 9. exd5 Nd4 10. Kb1 Re8 11. Qg3 Bf5 12. Bd3 Nxd5 13. Nge2 Nxe2 14.
Nxe2 Bxd3 15. Qxd3 Qf6 16. Bc3 Nxc3+ 17. Nxc3 Qxf2 18. Qc4 Qxg2 19. Rhf1 Rf8
20. Rd7 Kh8 21. Rdxf7 Rxf7 22. Rxf7 Qg1+ 23. Rf1 Qb6 24. a3 Rd8 25. Rf7 c6 26.
Ka2 1/2-1/2

[Event "VI ABIERTO INTERNACIONAL DE AJEDREZ CARLOS I"]
[Site "Sanxenxo (Pontevedra) Spain"]
[Date "2014.06.22"]
[Round "2"]
[Board "9"]
[White "Rivera, Daniel"]
[Black "Berdullas Guerra, Juan Carlos"]
[Result "1-0"]
[WhiteElo "2347"]
[BlackElo "2019"]
[PlyCount "61"]
[EventDate "2014.06.21"]
[EventRounds "9"]
[EventCountry "ESP"]

1. e4 c5 2. Nc3 g6 3. Nf3 Bg7 4. d4 cxd4 5. Nxd4 Nc6 6. Nb3 Nf6 7. g4 d6 8. g5
Nd7 9. h4 Nb6 10. Nd5 Bd7 11. h5 Rc8 12. h6 Bf8 13. Be3 Ne5 14. Bd4 Nxd5 15.
exd5 Rg8 16. f4 Nc4 17. Bd3 Nb6 18. Qf3 a6 19. O-O-O Nxd5 20. Qxd5 Bc6 21. Qa5
Qxa5 22. Nxa5 Bxh1 23. Rxh1 e5 24. fxe5 dxe5 25. Bxe5 Be7 26. Bf4 b5 27. Be4
Rc5 28. b4 Bxg5 29. bxc5 Bxf4+ 30. Kb1 Kd7 31. Rf1 1-0

[Event "VI ABIERTO INTERNACIONAL DE AJEDREZ CARLOS I"]
[Site "Sanxenxo (Pontevedra) Spain"]
[Date "2014.06.22"]
[Round "2"]
[Board "10"]
[White "Campos Calvo-Sotelo, Juan"]
[Black "Suarez Gomez, Julio"]
[Result "0-1"]
[WhiteElo "1980"]
[BlackElo "2307"]
[PlyCount "50"]
[EventDate "2014.06.21"]
[EventRounds "9"]
[EventCountry "ESP"]

1. b4 d5 2. e3 e5 3. a3 Nf6 4. c4 c6 5. Bb2 Bd6 6. Nf3 Qe7 7. Nc3 dxc4 8. Bxc4
O-O 9. h3 Nbd7 10. g4 Nb6 11. Bb3 Be6 12. Ng5 Bxb3 13. Qxb3 e4 14. d3 exd3 15.
O-O-O a5 16. Rxd3 axb4 17. axb4 Bxb4 18. Rhd1 Bxc3 19. Bxc3 Nfd5 20. h4 Nxc3
21. Qxc3 h6 22. Qb3 Na4 23. Rd4 Nc5 24. Qb1 hxg5 25. hxg5 Ra1 0-1

[Event "VI ABIERTO INTERNACIONAL DE AJEDREZ CARLOS I"]
[Site "Sanxenxo (Pontevedra) Spain"]
[Date "2014.06.23"]
[Round "3"]
[Board "2"]
[White "Rodriguez Lopez, Rafael"]
[Black "Larino Nieto, David"]
[Result "1/2-1/2"]
[WhiteElo "2259"]
[BlackElo "2459"]
[PlyCount "136"]
[EventDate "2014.06.21"]
[EventRounds "9"]
[EventCountry "ESP"]

1. e4 c6 2. Nc3 d5 3. Nf3 dxe4 4. Nxe4 Nf6 5. Nxf6+ exf6 6. Bc4 Bd6 7. Qe2+ Qe7
8. Qxe7+ Kxe7 9. O-O Rd8 10. Re1+ Kf8 11. h3 b5 12. Bf1 Na6 13. c3 Nc7 14. a4
a6 15. Nd4 Bd7 16. axb5 axb5 17. Rxa8 Rxa8 18. b4 Ra2 19. Bd3 Bf4 20. Bb1 Ra1
21. Be4 Nd5 22. Nb3 Ra2 23. Bb1 Ra7 24. Nc5 Be8 25. g3 Bd6 26. Bb2 Bxc5 27.
bxc5 Bd7 28. h4 Be6 29. d3 Nc7 30. Rc1 Ra4 31. c4 bxc4 32. dxc4 Rb4 33. Bd4
Rxc4 34. Rxc4 Bxc4 35. Be4 Bd5 36. Bd3 Ne6 37. Be3 g6 38. Kf1 f5 39. f4 Ke7 40.
h5 Bf3 41. hxg6 fxg6 42. Kf2 Bd5 43. g4 fxg4 44. Kg3 Bf3 45. f5 Nf8 46. Bh6
gxf5 47. Bxf5 Kf7 48. Kh4 Bd5 49. Bxg4 Ng6+ 50. Kg5 Ne5 51. Bf5 Ke7 52. Bg7
Nf3+ 53. Kh6 Nd2 54. Bxh7 Nb3 55. Bb2 Kd7 56. Ba3 Bc4 57. Kg5 Kc7 58. Kf6 Bd5
59. Ke5 Nd2 60. Bb4 Nf3+ 61. Kf4 Nd4 62. Ke5 Nf3+ 63. Kf4 Kb7 64. Bc3 Ng1 65.
Bd3 Nh3+ 66. Ke3 Ng5 67. Be5 Nf7 68. Bf4 Nd8 1/2-1/2

[Event "VI ABIERTO INTERNACIONAL DE AJEDREZ CARLOS I"]
[Site "Sanxenxo (Pontevedra) Spain"]
[Date "2014.06.23"]
[Round "3"]
[Board "3"]
[White "Hoffman, Alejandro"]
[Black "Cruz Alvarez De Ron, Dan"]
[Result "1-0"]
[WhiteElo "2450"]
[BlackElo "2205"]
[PlyCount "77"]
[EventDate "2014.06.21"]
[EventRounds "9"]
[EventCountry "ESP"]

1. d4 d6 2. e4 Nf6 3. f3 d5 4. e5 Ng8 5. c3 Bf5 6. Qb3 b6 7. Be3 e6 8. Nd2 f6
9. g4 Bg6 10. h4 h5 11. exf6 hxg4 12. fxg7 Bxg7 13. O-O-O Rxh4 14. Rxh4 Qxh4
15. fxg4 Nf6 16. Ngf3 Qg3 17. Bb5+ c6 18. Rg1 Qc7 19. Ne5 Bh7 20. Bd3 Bxd3 21.
Nxd3 Nbd7 22. g5 Nh7 23. Bf4 Qb7 24. g6 Nhf8 25. Nf3 Qa6 26. Nde5 Nxe5 27. Nxe5
Rc8 28. Nf7 Kd7 29. Be5 Qd3 30. Qd1 Qe3+ 31. Kb1 Qe4+ 32. Qc2 Qe3 33. Qg2 Nxg6
34. Qxg6 Bxe5 35. Nxe5+ Kc7 36. a3 Kb7 37. Ka2 Rc7 38. Rg3 Qe1 39. Rf3 1-0

[Event "VI ABIERTO INTERNACIONAL DE AJEDREZ CARLOS I"]
[Site "Sanxenxo (Pontevedra) Spain"]
[Date "2014.06.23"]
[Round "3"]
[Board "4"]
[White "Espineira Gonzalez, Diego"]
[Black "Patino Romaris, Juan Roberto"]
[Result "0-1"]
[WhiteElo "2388"]
[BlackElo "2198"]
[PlyCount "84"]
[EventDate "2014.06.21"]
[EventRounds "9"]
[EventCountry "ESP"]

1. e4 e6 2. d4 d5 3. Nd2 Nf6 4. e5 Nfd7 5. c3 c5 6. f4 Nc6 7. Ndf3 cxd4 8. cxd4
Qb6 9. a3 a5 10. b3 Be7 11. Ra2 h6 12. Ne2 O-O 13. f5 Rd8 14. fxe6 fxe6 15. Nf4
Nf8 16. h4 Bd7 17. g4 Be8 18. Rg2 Rdc8 19. Be3 Bxa3 20. g5 h5 21. g6 a4 22.
bxa4 Nb4 23. Ng5 Bc1 24. Bxc1 Bxa4 25. Qd2 Rc2 26. Qxc2 Nxc2+ 27. Kf2 Qxd4+ 28.
Kg3 Ne3 29. Nf3 Nf5+ 30. Kh2 Qc5 31. Bd3 Ne3 32. Re2 Ng4+ 33. Kg3 Bb5 34. Rc2
Bc4 35. Nxh5 Ne3 36. Bxe3 Qxe3 37. Bxc4 dxc4 38. Rxc4 Ra3 39. Rf1 Nxg6 40. Rc8+
Kh7 41. Kg2 Nxh4+ 42. Nxh4 Ra2+ 0-1

[Event "VI ABIERTO INTERNACIONAL DE AJEDREZ CARLOS I"]
[Site "Sanxenxo (Pontevedra) Spain"]
[Date "2014.06.23"]
[Round "3"]
[Board "5"]
[White "Villar Nieves, Antonio"]
[Black "Guerra Bastida, Diego"]
[Result "1/2-1/2"]
[WhiteElo "2228"]
[BlackElo "2378"]
[PlyCount "97"]
[EventDate "2014.06.21"]
[EventRounds "9"]
[EventCountry "ESP"]

1. d4 d6 2. e4 Nf6 3. Nc3 g6 4. Be3 a6 5. a4 Nc6 6. f3 Bg7 7. Bc4 O-O 8. Nge2
e5 9. Qd2 exd4 10. Nxd4 Ne5 11. Ba2 c5 12. Nde2 Be6 13. Bg5 Qb6 14. O-O c4+ 15.
Kh1 Nc6 16. Qc1 Nb4 17. Rd1 Rfe8 18. Nf4 Qc5 19. Nxe6 fxe6 20. Qf4 Nxa2 21.
Rxa2 Nh5 22. Qd2 b5 23. Be3 Qc6 24. g4 b4 25. Ne2 c3 26. bxc3 bxc3 27. Qd3 Nf6
28. Bd4 d5 29. e5 Nd7 30. f4 g5 31. Ra3 gxf4 32. Rxc3 Qb7 33. Rb3 Qc6 34. Nxf4
Nxe5 35. Qe2 Qc4 36. Re3 Qxe2 37. Rxe2 Ng6 38. Nxe6 Bxd4 39. Nxd4 Rxe2 40. Nxe2
Rc8 41. c3 Re8 42. Ng3 Re3 43. Kg1 Rxc3 44. Rxd5 Rc2 45. Ra5 Nh4 46. Rxa6 Nf3+
47. Kf1 Nxh2+ 48. Kg1 Nf3+ 49. Kf1 1/2-1/2

[Event "VI ABIERTO INTERNACIONAL DE AJEDREZ CARLOS I"]
[Site "Sanxenxo (Pontevedra) Spain"]
[Date "2014.06.23"]
[Round "3"]
[Board "6"]
[White "Garcia Castro, Pablo"]
[Black "Medarde Santiago, Luis Marcos"]
[Result "1-0"]
[WhiteElo "2357"]
[BlackElo "2160"]
[PlyCount "157"]
[EventDate "2014.06.21"]
[EventRounds "9"]
[EventCountry "ESP"]

1. Nf3 Nf6 2. g3 d5 3. Bg2 g6 4. d3 Bg7 5. O-O O-O 6. Nbd2 d4 7. Nb3 Nc6 8. Bd2
e5 9. c3 dxc3 10. bxc3 e4 11. Nfd4 Nxd4 12. cxd4 exd3 13. e3 Nd5 14. Rc1 b6 15.
e4 Nf6 16. Bf4 Ne8 17. Qxd3 a5 18. Rfd1 Ba6 19. Qd2 a4 20. Na1 Bb7 21. Nc2 f5
22. f3 fxe4 23. fxe4 Nf6 24. d5 c5 25. dxc6 Qxd2 26. Rxd2 Bxc6 27. e5 Ne4 28.
Rd4 g5 29. Be3 Bxe5 30. Rxe4 Bxe4 31. Bxe4 Rad8 32. Bxb6 Rb8 33. Be3 h6 34. Bc6
Rb2 35. Bxa4 Rc8 36. Bb3+ Rxb3 37. axb3 Bb2 38. Rb1 Rxc2 39. b4 Kf7 40. b5 Ke6
41. b6 Kd7 42. g4 Kc6 43. Rd1 Ba3 44. Rd8 Bc5 45. Bxc5 Rxc5 46. Rh8 Kxb6 47.
Rxh6+ Kc7 48. Re6 Kd7 49. Re3 Rc4 50. h3 Kd6 51. Kg2 Rc2+ 52. Kg3 Rc1 53. Kf3
Rf1+ 54. Kg2 Rc1 55. Kf2 Rc2+ 56. Kf3 Rc4 57. Re8 Kd7 58. Re5 Rc3+ 59. Ke4 Rxh3
60. Kf5 Rh8 61. Kxg5 Rg8+ 62. Kf4 Kd6 63. Re4 Rf8+ 64. Kg5 Rg8+ 65. Kf6 Kd5 66.
Re5+ Kd6 67. Rg5 Rf8+ 68. Kg7 Rf4 69. Rg6+ Ke7 70. g5 Rf7+ 71. Kg8 Rf8+ 72. Kh7
Rf1 73. Ra6 Rg1 74. g6 Rh1+ 75. Kg8 Rh6 76. Ra7+ Ke8 77. g7 Rh1 78. Ra4 Re1 79.
Rh4 1-0